000 03044cam a22006854i 4500
003 PE-LiUPU
005 20250731170356.0
008 150607s2012 ck a rb 001 0 spa d
020 _a9788427714106
035 _a(Sirsi) i9788427714106
049 _aPRUA
082 0 4 _a153.9
_bA59
_220
100 1 _aAntunes, Celso,
_eautor.
245 1 0 _aJuegos para estimular las inteligencias múltiples /
_cCelso Antunes.
250 _aPrimera edición.
264 1 _aBogotá, Colombia :
_bEdiciones de la U,
_c2012.
300 _a207 páginas :
_bilustraciones ;
_c25 centímetros
336 _atext
_2rdacontent
337 _aunmediated
_2rdamedia
338 _avolume
_2rdacarrier
504 _aBibliografía : páginas 199-200.
504 _aÍndice de juegos-actividades : páginas 196-198.
505 0 _aInteligencias múltiples -- Juego y aprendizaje -- Juegos que estimulan la inteligencia veral o linguística -- Inteligencia lógico-matemática -- inteligencia espacial -- Inteligencia cinestésico-corporal y motrocidad -- Inteligencia naturalista -- Inteligencia pictórica -- Inteligencias interpersonal e intrapersonal.
526 _aSEG68
526 _aSEG70
526 _aSEG69
526 _aSEG67
526 _aSEG43
526 _aP144
526 _aP143
526 _aP131
526 _aP122
526 _aP120
526 _aP117
526 _aP112
526 _aP110
526 _aP106
526 _aP101
526 _aP80
526 _aP59
526 _aP54
526 _aP35
526 _aP33
526 _aP30
541 _g001000327;
541 _g001-003031;
650 4 _aInteligencias múltiples.
650 7 _aInteligencias múltiples.
_2embne
650 7 _aJuegos educativos.
_2embne
910 _acce
_bjvq
_ccce
_d20150607
942 _2ddc
_cBOOK
949 _a153.9 A59
_wDEWEY
_c1
_i71469
_d2016-9-15
_e2016-9-11
_lCCODEBUL1
_mBUL
_n4
_p23.15
_r0
_sY
_tBOOK
_u2015-6-7
_xSALUD
_0COMPRA
_o.STAFF. Colección General
949 _a153.9 A59
_wDEWEY
_c2
_i71470
_d2016-10-5
_e2016-9-28
_lCCODEBUL1
_mBUL
_n4
_p23.15
_r0
_sY
_tBOOK
_u2015-6-7
_xSALUD
_0COMPRA
_o.STAFF. Colección General
949 _a153.9 A59
_wDEWEY
_c3
_i72183
_d2016-8-23
_e2016-8-23
_lCCODEBUL1
_mBUL
_n2
_p20.64
_r0
_sY
_tBOOK
_u2015-11-26
_xEDUCACION
_PP20
_0COMPRA
_o.STAFF. Colección General
994 _aC0
_bPEPRU
596 _a1
999 _a153.9 A59
_wDEWEY
_c174
_i71469
_d174
_e2017-8-17
_f2021-11-3
_g5
_lCCODEBUL1
_mBUL
_n6
_p23.15
_q4
_r0
_sY
_tBOOK
_u2015-6-7
_xSALUD
_PP31
_0COMPRA
_o.STAFF. Colección General
999 _a153.9 A59
_wDEWEY
_c2
_i71470
_d2018-11-12
_e2017-11-12
_f2021-11-3
_g5
_lCCODEBUL1
_mBUL
_n9
_p23.15
_q3
_r0
_sY
_tBOOK
_u2015-6-7
_xSALUD
_PP31
_0COMPRA
_o.STAFF. Colección General
999 _a153.9 A59
_wDEWEY
_c3
_i72183
_d2019-10-24
_e2019-10-22
_f2021-11-3
_g5
_lCCODEBUL1
_mBUL
_n4
_p20.64
_q1
_r0
_sY
_tBOOK
_u2015-11-26
_xSALUD
_PP20
_0COMPRA
_o.STAFF. Colección General
980 _81
_gALBERTO SANCHEZ Responsable de Automatización